00953nam a22002057a 4500003000900000008004100009040007100050082002300121100003400144245004700178260003500225300004300260440002900303505028900332650001600621650001800637650001100655700003600666710004500702AR-CdUCM190515b ||||| |||| 00| 0 spa d aMUNICIPALIDAD PROVINCIAL DEL CUSCOcBIBLIOTECA MUNICIPAL DEL CUSCO 22ed.a573.3 /bC68 aClark, Wilfrid Edward Le Gros aLos fundamentos de la evolución humana / aBuenos Aires :bEUDEBA,c1964. a63 páginas ;bilustraciones,c25 cm. aCuadernos de EUDEBA.n50 aContenido: Principios teóricos -- Relación entre el hombre y los monos antropoides -- Relación entre los monos antropoides y las catarrinos -- Relación entre los monos catarrinos y los platirrinos -- Relación entre los tarsioides, los monos platarrinos y los lemúridos ... aEvolución aSeres humanos aOrigen aMarino, Mario A. (traducción) aEditorial Universitaria de Buenos Aires.